| 000 | 00443cam a2200169ua 4500 | ||
|---|---|---|---|
| 020 | _c15.00 | ||
| 041 |
_aeng _h |
||
| 082 |
_a604.2 _bMCL/VI |
||
| 100 | _aMclead, Andrews . | ||
| 245 |
_aVisual development for technical drawing / _cAndrews Mclead. _hTextual Documents |
||
| 260 |
_a : _bHutchinson Technical education , _c1963. |
||
| 300 |
_a96 : _b` ; . |
||
| 365 | _a15.00 | ||
| 504 | _a | ||
| 942 | _cBK | ||
| 999 |
_c1756 _d1756 |
||